000 00602nam a2200181 a 4500
001 000040013
005 20201002033850.0
008 130802s2004 mx 000 0 spa d
020 _a9703204724
040 _aDO-SdBNP
_bspa
_cBNPHU
100 1 _aNovo, Salvador,
_d1904-1974
_966241
245 1 0 _aReturn ticket /
_cSavador Novo ; introducción Fernando Curiel.
260 _aMéxico :
_bUniversidad Nacional Autónoma de México,
_c2004.
300 _a93 p. ;
_c18 cm.
490 1 _aRelato Licenciado Vidriera
_v15
700 1 _aCuriel, Fernando
_966242
830 0 _aRelato Licenciado Vidriera
_v15
_966234
999 _c39503
_d39503